000 00546nam a2200181Ia 4500
008 151202s9999||||xx |||||||||||||| ||und||
082 _bPNVM-33119
100 _aदांडेकर मालती.
245 _a"शततारका भाग-1,2."
260 _b---
260 _c0
300 _a0
600 _aदांडेकर मालती.
630 _a"शततारका भाग-1,2."
700 _aदांडेकर मालती.
730 _a"शततारका भाग-1,2."
942 _cBOOK
999 _c1299080
_d1299077